Normal view
MARC view
Entry Personal Name
001 - CONTROL NUMBER
- control field: 24897
003 - CONTROL NUMBER IDENTIFIER
- control field: ARRUPE
005 - DATE AND TIME OF LATEST TRANSACTION
- control field: 20160812091013.0
008 - FIXED-LENGTH DATA ELEMENTS
- fixed length control field: 160812|| aca||aabn | a|a d
040 ## - CATALOGING SOURCE
- Original cataloging agency: ARRUPE
- Transcribing agency: ARRUPE
100 ## - HEADING--PERSONAL NAME
- Personal name: Southern, R. W.
- Fuller form of name: (Richard William),
- Dates associated with a name: 1912-2001.
670 ## - SOURCE DATA FOUND
- Source citation: Work cat.: (ARRUPE)0: Southern, R. W. (Richard William), 1912-2001., Medieval humanism and other studies /, 1970